Reforming the revolution : (Record no. 40024)
[ view plain ]
| 000 -LEADER | |
|---|---|
| fixed length control field | 00732nam a2200241 a 4500 |
| 001 - CONTROL NUMBER | |
| control field | 19226567 |
| 005 - DATE AND TIME OF LATEST TRANSACTION | |
| control field | 20160816170708.0 |
| 008 - FIXED-LENGTH DATA ELEMENTS--GENERAL INFORMATION | |
| fixed length control field | 890817s1988 ilu b 00100 eng |
| 010 ## - LIBRARY OF CONGRESS CONTROL NUMBER | |
| LC control number | 88070952 |
| 020 ## - INTERNATIONAL STANDARD BOOK NUMBER | |
| International Standard Book Number | 0256071276 |
| Terms of availability | (pbk.) |
| 020 ## - INTERNATIONAL STANDARD BOOK NUMBER | |
| International Standard Book Number | 0256071268 |
| 043 ## - GEOGRAPHIC AREA CODE | |
| Geographic area code | a-cc--- |
| 245 00 - TITLE STATEMENT | |
| Title | Reforming the revolution : |
| Remainder of title | China in transition / |
| Statement of responsibility, etc | edited by Robert Benewick and Paul Wingrove |
| 260 ## - PUBLICATION, DISTRIBUTION, ETC. (IMPRINT) | |
| Place of publication, distribution, etc | Chicago, IL : |
| Name of publisher, distributor, etc | Dorsey Press, |
| Date of publication, distribution, etc | 1988 |
| 300 ## - PHYSICAL DESCRIPTION | |
| Extent | vii, 255 p. ; |
| Dimensions | 22 cm |
| 500 ## - GENERAL NOTE | |
| General note | Includes index |
| 504 ## - BIBLIOGRAPHY, ETC. NOTE | |
| Bibliography, etc | Bibliography: p. 243-251 |
| 651 #0 - SUBJECT ADDED ENTRY--GEOGRAPHIC NAME | |
| Geographic name | China |
| General subdivision | Politics and government |
| Chronological subdivision | 1976- |
| 651 #0 - SUBJECT ADDED ENTRY--GEOGRAPHIC NAME | |
| Geographic name | China |
| General subdivision | Economic conditions |
| Chronological subdivision | 1976- |
| 700 10 - ADDED ENTRY--PERSONAL NAME | |
| Personal name | Benewick, Robert |
| 700 10 - ADDED ENTRY--PERSONAL NAME | |
| Personal name | Wingrove, Paul |
| 942 ## - ADDED ENTRY ELEMENTS (KOHA) | |
| Source of classification or shelving scheme | Library of Congress Classification |
| Item type | Books |
| Withdrawn status | Lost status | Source of classification or shelving scheme | Damaged status | Not for loan | Home library | Current library | Shelving location | Date acquired | Source of acquisition | Inventory number | Total Checkouts | Full call number | Barcode | Date last seen | Price effective from | Koha item type |
|---|---|---|---|---|---|---|---|---|---|---|---|---|---|---|---|---|
| Library of Congress Classification | BSOP Library | BSOP Library | Special Collections English | 08/16/2016 | 38209 | DS779.26 R25b | 00048209 | 08/16/2016 | 08/16/2016 | Books |
